书目信息 |
| 题名: |
多高层钢筋混凝土结构设计中疑难问题的处理及算例
|
|
| 作者: | 李国胜 编著 | |
| 分册: | ||
| 出版信息: | 北京 中国建筑工业出版社 2004.04 |
|
| 页数: | 10,288页 | |
| 开本: | 26cm | |
| 丛书名: | ||
| 单 册: | ||
| 中图分类: | TU973-62 | |
| 科图分类: | ||
| 主题词: | 多层建筑--钢筋混凝土结构--结构设计--手册 | |
| 电子资源: | ||
| ISBN: | 7-112-06353-1 | |
| 000 | 00863nam0 2200217 450 | |
| 001 | 010231246202 | |
| 005 | 20050923160706.97 | |
| 010 | @a7-112-06353-1@dCNY30.00 | |
| 100 | @a20050728d2004 km y0chiy0120 ea | |
| 101 | 0 | @achi |
| 102 | @aCN@b110000 | |
| 105 | @aa z 000yy | |
| 200 | 1 | @a多高层钢筋混凝土结构设计中疑难问题的处理及算例@Aduo gao ceng gang jin hun ning tu jie gou she ji zhong yi nan wen ti de chu li ji suan li@f李国胜编著@Fli guo sheng bian zhu |
| 210 | @a北京@c中国建筑工业出版社@d2004.04 | |
| 215 | @a10,288页@c图@d26cm | |
| 330 | @a本书介绍了高层建筑结构设计的概念设计、荷载和地震作用、结构体系、框架结构、混合结构,住宅建筑结构设计中等方面的相关问题。 | |
| 606 | 0 | @a多层建筑@x钢筋混凝土结构@x结构设计@x手册 |
| 690 | @aTU973-62@v4 | |
| 701 | 0 | @a李国胜@Ali guo sheng@4编著 |
| 801 | 0 | @aCN@bQSSK@c20050923 |
| 905 | @a10447@dTU973-62@eL166 | |
| 多高层钢筋混凝土结构设计中疑难问题的处理及算例/李国胜编著.-北京:中国建筑工业出版社,2004.04 |
| 10,288页:图;26cm |
| ISBN 7-112-06353-1:CNY30.00 |
| 本书介绍了高层建筑结构设计的概念设计、荷载和地震作用、结构体系、框架结构、混合结构,住宅建筑结构设计中等方面的相关问题。 |
| ● |
| 相关链接 |
|
|
|
正题名:多高层钢筋混凝土结构设计中疑难问题的处理
索取号:TU973-62/L166
 
预约/预借
| 序号 | 登录号 | 条形码 | 馆藏地/架位号 | 状态 | 备注 |
| 1 | 526912 | 205269127 | 建筑库201/201建筑库 88排2列3层/ [索取号:TU973-62/L166] |
已借出,限还日期为2025.07.28 借出人:郭玮伟 |
|
| 2 | 526913 | 205269136 | 建筑库201/201建筑库 88排2列3层/ [索取号:TU973-62/L166] | 在馆 | |
| 3 | 526914 | 205269145 | 建筑库201/201建筑库 88排2列3层/ [索取号:TU973-62/L166] | 在馆 |